Cautivado por la alegría : historia de mi conversión / C. S. Lewis

Gardado en:
Detalles Bibliográficos
Autor Principal: Lewis, C.S (autor)
Formato: Libro
Temas:
Etiquetas: Engadir etiqueta
Sen Etiquetas, Sexa o primeiro en etiquetar este rexistro!

MARC

LEADER 00000nam^a2200000^u^4500
001 000550703
005 20250521000000.0
008 060220s1000^^^^^^^^^^^^r^^^^^000^0^spa^d
009 20260310131539.607
035 |a FMI 000020482 
037 |a Acervo Xavier Clavigero 
096 |a 3.6.2/198/B 
100 |a Lewis, C.S.  |e (autor) 
245 1 0 |a Cautivado por la alegría : historia de mi conversión / C. S. Lewis 
264 |a Madrid : Ediciones Encuentro, 1989 
300 |a 245 p. 
336 |a texto  |b txt  |2 rdacontenido 
337 |a sin mediación  |b n  |2 rdamedio 
338 |a volumen  |b nc  |2 rdasoporte 
649 |a XX 
650 |a 1.Lewis, C. S. 
910 |a Fondo Francisco Migoya Covarrubias S.J. 
920 |a Impresos - Libros 
930 |a Fondos Especiales 
905 |a 134 
901 |a SBC13543  |b IT2  |c ESP  |u 20250521 
902 |a https://opac.biblio.iteso.mx/vufind/Record/000550703